Banking on property (Record no. 3878)

MARC details
000 -LEADER
fixed length control field 00806cab a2200193 4500
001 - CONTROL NUMBER
control field ABS37727
008 - FIXED-LENGTH DATA ELEMENTS--GENERAL INFORMATION
fixed length control field 090401t1987 xxu||||| |||| 00| 0 eng d
035 ## - SYSTEM CONTROL NUMBER
System control number (Sirsi) u6456
041 ## - LANGUAGE CODE
Language code of text/sound track or separate title eng
100 ## - MAIN ENTRY--PERSONAL NAME
Personal name Evans, P.
245 ## - TITLE STATEMENT
Title Banking on property
260 ## - PUBLICATION, DISTRIBUTION, ETC.
Date of publication, distribution, etc. 1987
350 ## - PRICE (NR) (BK AM CF MU VM SE) [OBSOLETE]
Price 0
490 ## - SERIES STATEMENT
Series statement Estates Gazette
Volume/sequential designation 282(6332) 2 May 1987, 524-528(3)
520 ## - SUMMARY, ETC.
Summary, etc. As a result of a decline in institutional investment in property over the past few years, banks have been an important source of funding for commercial property . The author outlines the findings of a survey looking at the importance of bank lending, which banks are involved, finance, advances, loans and the type of venture banks themselves prefer to fund.
690 ## - LOCAL SUBJECT ADDED ENTRY--TOPICAL TERM (OCLC, RLIN)
Topical term or geographic name as entry element PROPERTY LAW AND PRACTICE
942 ## - ADDED ENTRY ELEMENTS (KOHA)
Suppress in OPAC 0
948 ## - LOCAL PROCESSING INFORMATION (OCLC); SERIES PART DESIGNATOR (RLIN)
c (OCLC) 04/03/1997
Holdings
Withdrawn status Lost status Source of classification or shelving scheme Damaged status Not for loan Home library Current library Shelving location Date acquired Total Checkouts Full call number Barcode Date last seen Copy number Price effective from Koha item type
    Dewey Decimal Classification     London London Journal article 14/09/1999   ABS37727 6456-1001 06/08/2019 1 06/08/2019 Journal article